[Event "Grenzturnering 2013-2014"]
[Site "Logumkloster"]
[Date "2013.09.24"]
[Round "1"]
[White "Andersen, Helge"]
[Black "Falsig, Niels"]
[Result "1/2-1/2"]
[WhiteElo "1980"]
[BlackElo "1954"]
[PlyCount "72"]
[EventDate "2013.??.??"]

1. d4 Nf6 2. c4 d5 3. cxd5 Nxd5 4. e4 Nf6 5. Nc3 e6 6. f4 c5 7. Nf3 cxd4 8.
Nxd4 Bc5 9. Be3 O-O 10. Nxe6 Qxd1+ 11. Rxd1 Bxe3 12. Nxf8 Nc6 13. e5 Ng4 14.
Nd5 Kxf8 15. Be2 Bf2+ 16. Kf1 Bd4 17. Bb5 Ne3+ 18. Nxe3 Bxe3 19. Bxc6 bxc6 20.
g3 Bg4 21. Rd3 Bf3 22. Rg1 Bxg1 23. Rxf3 Bd4 24. Rb3 c5 25. Ke2 Rd8 26. Rb7 Bg1
27. h3 Bh2 28. Kf3 Rd3+ 29. Ke4 Rd4+ 30. Kf3 Rd3+ 31. Ke4 Rxg3 32. Rxa7 Rxh3
33. Ra8+ Ke7 34. Ra7+ Ke8 35. Ra8+ Kd7 36. Ra7+ Ke8 1/2-1/2

[Event "Grenzturnering 2013-2014"]
[Site "Logumkloster"]
[Date "2013.09.24"]
[Round "1"]
[White "Heinemann, Guido"]
[Black "Schmidt, Holger"]
[Result "1-0"]
[WhiteElo "1848"]
[BlackElo "1360"]
[PlyCount "33"]
[EventDate "2013.??.??"]

1. e4 e5 2. d4 exd4 3. c3 d6 4. cxd4 Nf6 5. Nc3 Be7 6. Bd3 Nc6 7. Nge2 Bd7 8.
O-O Qc8 9. Bb5 a6 10. Bxc6 Bxc6 11. Ng3 Bd7 12. Bf4 O-O 13. e5 Ne8 14. Nd5 Bd8
15. Rc1 c6 16. exd6 Be6 17. Ne7+ 1-0

[Event "Grenzturnering 2013-2014"]
[Site "Logumkloster"]
[Date "2013.09.24"]
[Round "1"]
[White "Homuth, Kim"]
[Black "Kristensen, Karl Martin"]
[Result "1-0"]
[WhiteElo "2050"]
[BlackElo "1684"]
[PlyCount "71"]
[EventDate "2013.??.??"]

1. d4 d6 2. c4 g6 3. Nc3 Bg7 4. e4 Nc6 5. Be3 e5 6. d5 Nce7 7. Bd3 h5 8. Nge2
h4 9. Qc2 Nh6 10. f3 f6 11. O-O-O g5 12. g3 Ng6 13. Rdf1 O-O 14. Qd2 Kh7 15.
Rhg1 Nf7 16. Kb1 b6 17. Nd1 Bd7 18. Bf2 Bh6 19. Qc2 a5 20. Ne3 h3 21. g4 Kh8
22. Rg3 Nf4 23. Ng1 Qb8 24. Nf5 b5 25. c5 b4 26. Bc4 Bb5 27. Nxh3 Qb7 28. Nxf4
gxf4 29. Rh3 Kh7 30. Bh4 Qa6 31. Bxb5 Qxb5 32. Rg1 Kg6 33. Nxh6 Nxh6 34. g5 Ng8
35. gxf6+ Kf7 36. Rg7+ 1-0

[Event "Grenzturnering 2013-2014"]
[Site "Logumkloster"]
[Date "2013.09.24"]
[Round "1"]
[White "Knott, Richard"]
[Black "Svendsen, Gunnar"]
[Result "1-0"]
[WhiteElo "1791"]
[BlackElo "1516"]
[PlyCount "71"]
[EventDate "2013.??.??"]

1. d4 d5 2. Nf3 Nf6 3. e3 e6 4. Bd3 c5 5. c3 Nc6 6. Nbd2 c4 7. Bc2 Be7 8. O-O
b5 9. e4 dxe4 10. Nxe4 O-O 11. Qe2 Bb7 12. Bf4 Qb6 13. Bd6 Nxe4 14. Qxe4 g6 15.
Bxe7 Nxe7 16. Qh4 Bxf3 17. Qxe7 Bd5 18. Qf6 a5 19. Rfe1 Qc6 20. f3 b4 21. h4
Qc8 22. h5 Qd8 23. Qf4 g5 24. Qg3 h6 25. f4 f5 26. Re5 g4 27. Rae1 Qd7 28. R1e2
Qf7 29. Qh4 Ra7 30. R2e3 Qb7 31. Qe1 bxc3 32. bxc3 Qc6 33. Rxd5 exd5 34. Re6
Qc7 35. Rxh6 Qf7 36. Qe5 1-0

[Event "Grenzturnering 2013-2014"]
[Site "Logumkloster"]
[Date "2013.09.24"]
[Round "1"]
[White "Maas, Ralf"]
[Black "Jensen, Scot Wolfgang"]
[Result "0-1"]
[WhiteElo "1214"]
[BlackElo "1439"]
[PlyCount "72"]
[EventDate "2013.??.??"]

1. e4 e5 2. Nf3 Nc6 3. Bc4 Nf6 4. d3 h6 5. Nc3 a6 6. a3 Bc5 7. Be3 Bd4 8. Bxd4
exd4 9. Ne2 d6 10. Nexd4 Nxd4 11. Nxd4 c5 12. Nf5 O-O 13. Qf3 Be6 14. Qg3 Bxf5
15. exf5 Re8+ 16. Kd2 d5 17. Ba2 b5 18. Rhe1 c4 19. Re5 Rxe5 20. Qxe5 Ng4 21.
Qf4 Qg5 22. Qxg5 hxg5 23. b3 Rc8 24. Rb1 c3+ 25. Ke2 Re8+ 26. Kf3 Ne5+ 27. Kg3
Nc6 28. b4 Re5 29. Rd1 Nd4 30. f4 gxf4+ 31. Kxf4 f6 32. g4 Nxc2 33. Rc1 Nd4 34.
Rd1 Kf8 35. h4 c2 36. Rh1 c1=Q+ 0-1

[Event "Grenzturnering 2013-2014"]
[Site "Logumkloster"]
[Date "2013.09.24"]
[Round "1"]
[White "Millgramm, Stephan"]
[Black "Karstensen, Christian"]
[Result "0-1"]
[WhiteElo "1853"]
[BlackElo "1973"]
[PlyCount "68"]
[EventDate "2013.??.??"]

1. f4 e5 2. fxe5 Nc6 3. Nf3 g5 4. d4 g4 5. Ng5 d6 6. e6 fxe6 7. d5 exd5 8. Qxd5
Qe7 9. Ne4 Be6 10. Qb5 d5 11. Ng5 O-O-O 12. Nxe6 Qxe6 13. Bd2 Bg7 14. Na3 Nf6
15. O-O-O Ne4 16. Be1 a6 17. Qb3 Nd4 18. Qa4 Qb6 19. c3 Nf5 20. Nc2 c5 21. g3
c4 22. Bg2 Rhe8 23. Rf1 Qh6+ 24. Kb1 Ne3 25. Nxe3 Qxe3 26. Qc2 h5 27. Rf4 Nf6
28. Qd2 Qxe2 29. Qxe2 Rxe2 30. Bf1 Rxh2 31. Bxc4 Re8 32. Bb3 Ree2 33. Rfd4
Rxb2+ 34. Ka1 Rbe2 0-1

[Event "Grenzturnering 2013-2014"]
[Site "Logumkloster"]
[Date "2013.09.24"]
[Round "1"]
[White "Palm, Eivind"]
[Black "Jensen, Jens Peter"]
[Result "1-0"]
[WhiteElo "1918"]
[BlackElo "1317"]
[PlyCount "54"]
[EventDate "2013.??.??"]

1. d4 d5 2. g3 Nf6 3. Bg2 e6 4. Nf3 h6 5. O-O Bd6 6. c4 b6 7. Nc3 a6 8. Ne5 O-O
9. cxd5 Bb7 10. dxe6 Bxg2 11. exf7+ Rxf7 12. Nxf7 Qe7 13. Nxh6+ gxh6 14. Kxg2
Qg7 15. e4 Bb4 16. Qb3+ Kh8 17. Qxb4 Nc6 18. Qc4 Nd8 19. Bf4 c6 20. d5 Nh5 21.
e5 cxd5 22. Nxd5 Ne6 23. Qe4 Rf8 24. Be3 b5 25. f4 Qg4 26. Qf3 Rg8 27. Qxg4
Rxg4 1-0

[Event "Grenzturnering 2013-2014"]
[Site "Logumkloster"]
[Date "2013.09.24"]
[Round "1"]
[White "Sorensen, Helge"]
[Black "Eis, Harald"]
[Result "1/2-1/2"]
[WhiteElo "1627"]
[BlackElo "1770"]
[PlyCount "100"]
[EventDate "2013.??.??"]

1. e4 b6 2. d4 Bb7 3. Nc3 Nf6 4. Bd3 d6 5. Nf3 Qd7 6. O-O g6 7. h3 Bg7 8. Bg5
O-O 9. Qd2 Re8 10. Rfe1 e5 11. d5 a6 12. a4 Qe7 13. a5 b5 14. Nd1 c5 15. c4 b4
16. Bh6 Qf8 17. Bxg7 Qxg7 18. Ne3 Bc8 19. Kh1 Nh5 20. Rad1 Nf4 21. Bc2 Qh6 22.
Nh2 Ra7 23. Nhg4 Qh4 24. Rg1 Qd8 25. Qe1 h5 26. Nh2 Qxa5 27. g4 h4 28. Nf5 Qd8
29. Nf3 g5 30. N3xh4 gxh4 31. g5 Ng6 32. Qe2 Bxf5 33. exf5 Nf4 34. Qg4 Qe7 35.
Qxh4 Ng6 36. fxg6 fxg6 37. Bxg6 Rf8 38. Rg4 Qg7 39. Be4 Raf7 40. f3 Rf4 41.
Rdg1 Nd7 42. Qg3 Rxg4 43. Qxg4 Rf4 44. Qe6+ Qf7 45. Qxf7+ Rxf7 46. h4 Rf4 47.
Rg4 a5 48. Rxf4 exf4 49. Kg2 Ne5 50. Kf2 Nxc4 1/2-1/2

[Event "Grenzturnering 2013-2014"]
[Site "Logumkloster"]
[Date "2013.10.29"]
[Round "1"]
[White "Wedel, Freddy"]
[Black "Lauritzen, Vagn"]
[Result "0-1"]
[WhiteElo "1038"]
[BlackElo "1566"]
[PlyCount "52"]
[EventDate "2013.??.??"]

1. e4 e6 2. Nf3 c5 3. d4 Nc6 4. Nc3 a6 5. Bc4 b5 6. Bb3 c4 7. d5 Na5 8. Nd4
cxb3 9. Nxb3 Nb7 10. Be3 Nd6 11. Qe2 Nc4 12. O-O-O Qc7 13. h3 Nf6 14. g4 Bb4
15. Rd3 Bb7 16. f4 Bxc3 17. Rxc3 Nxe4 18. Qg2 Nxc3 19. bxc3 Nxe3 20. Qd2 Nxd5
21. Rf1 Nxc3 22. f5 O-O 23. a3 Rac8 24. Kb2 Na4+ 25. Ka2 Qxc2+ 26. Qxc2 Rxc2+
0-1

[Event "Grenzturnering 2013-2014"]
[Site "Leck"]
[Date "2013.10.15"]
[Round "2"]
[White "Eis, Harald"]
[Black "Falsig, Niels"]
[Result "0-1"]
[WhiteElo "1770"]
[BlackElo "1954"]
[PlyCount "78"]
[EventDate "2013.??.??"]

1. e4 c5 2. Nf3 Nc6 3. Bb5 e6 4. O-O Be7 5. a4 Nf6 6. Bxc6 bxc6 7. e5 Nd5 8.
Nc3 O-O 9. b3 f6 10. Ba3 fxe5 11. Nxe5 Bf6 12. Re1 Qc7 13. Nxd5 cxd5 14. Bb2
Ba6 15. Rb1 d4 16. Nf3 e5 17. d3 Bb7 18. Nd2 d5 19. Ba3 Bh4 20. Rf1 Rae8 21. g3
Be7 22. f3 a5 23. Rc1 Bg5 24. c3 e4 25. cxd4 Be3+ 26. Kh1 Bxd4 27. Qc2 e3 28.
Nb1 e2 29. Rfe1 Rxf3 30. Rxe2 Ref8 31. Bb2 Be3 32. Rxe3 Rxe3 33. Bd4 Qe7 34.
Qxc5 Re1+ 35. Kg2 Qxc5 36. Rxc5 Rxb1 37. Rb5 Bc8 38. Bc3 Rd1 39. d4 Rdf1 0-1

[Event "Grenzturnering 2013-2014"]
[Site "Leck"]
[Date "2013.10.15"]
[Round "2"]
[White "Heinemann, Guido"]
[Black "Palm, Eivind"]
[Result "1/2-1/2"]
[WhiteElo "1848"]
[BlackElo "1918"]
[PlyCount "119"]
[EventDate "2013.??.??"]

1. e4 c6 2. Nf3 d5 3. e5 Bf5 4. Nd4 e6 5. Nxf5 exf5 6. d4 f6 7. Bd3 fxe5 8.
Bxf5 g6 9. O-O Ne7 10. Bh3 Bg7 11. dxe5 O-O 12. Re1 Nd7 13. Bg5 Qe8 14. Qg4 Nf5
15. Qb4 Bxe5 16. Nd2 Qb8 17. Bxf5 Rxf5 18. Qe7 Bxh2+ 19. Kh1 Qd6 20. Re6 Qxe7
21. Rxe7 Rxg5 22. Kxh2 Rd8 23. Nf3 Rf5 24. Rae1 a5 25. R1e3 Nf6 26. R3e6 Rd7
27. Rxd7 Nxd7 28. Re7 Nc5 29. Kg1 h6 30. Ne5 g5 31. Ng4 Kf8 32. Rh7 Rf4 33. f3
Rc4 34. c3 d4 35. cxd4 Rxd4 36. Nxh6 Rd2 37. Ng4 Rxb2 38. Rh5 Ne6 39. Ne5 Rxg2+
40. Kxg2 Nf4+ 41. Kg3 Nxh5+ 42. Kg4 Nf6+ 43. Kxg5 Nd5 44. Kf5 Ke7 45. Ke4 Nc3+
46. Kd4 Nxa2 47. Nc4 b5 48. Nxa5 Kd6 49. Nb7+ Kc7 50. Nc5 Nb4 51. f4 Nd5 52. f5
Kd6 53. Ne4+ Kd7 54. Nc5+ Ke7 55. Ne4 Nf6 56. Ng5 Nd7 57. Ne4 b4 58. Kc4 c5 59.
Nxc5 Nxc5 60. Kxb4 1/2-1/2

[Event "Grenzturnering 2013-2014"]
[Site "Leck"]
[Date "2013.10.15"]
[Round "2"]
[White "Homuth, Kim"]
[Black "Knott, Richard"]
[Result "1-0"]
[WhiteElo "2050"]
[BlackElo "1791"]
[PlyCount "49"]
[EventDate "2013.??.??"]

1. d4 d5 2. c4 c6 3. Nc3 Nf6 4. e3 e6 5. Nf3 Nbd7 6. b3 Bd6 7. Be2 O-O 8. O-O
Qe7 9. Bb2 dxc4 10. bxc4 e5 11. d5 cxd5 12. cxd5 e4 13. Nd2 Nb6 14. Nb5 Re8 15.
h3 Nbxd5 16. Nxe4 Nxe4 17. Qxd5 Rd8 18. Nxd6 Rxd6 19. Qe5 Qxe5 20. Bxe5 Rd2 21.
Rfd1 Be6 22. Bf3 Rxd1+ 23. Rxd1 Bf5 24. g4 Ng5 25. Bxb7 1-0

[Event "Grenzturnering 2013-2014"]
[Site "Leck"]
[Date "2013.10.15"]
[Round "2"]
[White "Jensen, Scot Wolfgang"]
[Black "Karstensen, Christian"]
[Result "0-1"]
[WhiteElo "1439"]
[BlackElo "1973"]
[PlyCount "82"]
[EventDate "2013.??.??"]

1. e4 c5 2. Nc3 g6 3. Bc4 Bg7 4. Nf3 Nc6 5. a3 e6 6. Nb5 d6 7. d3 Nge7 8. O-O
O-O 9. Nc3 a6 10. Re1 b5 11. Ba2 Bb7 12. Rb1 d5 13. e5 Rc8 14. Bg5 Qc7 15. Bf6
d4 16. Ne4 Na5 17. Qd2 Nd5 18. Qg5 h6 19. Qh4 Rfe8 20. Bxg7 Kxg7 21. Bxd5 Bxd5
22. Qf6+ Kh7 23. Nd6 Rf8 24. Nd2 Rcd8 25. N2e4 Nb7 26. Qf4 f5 27. Ng3 Nxd6 28.
exd6 Qxd6 29. Qxd6 Rxd6 30. Re5 Rc8 31. Rc1 Kg7 32. Ne2 Kf6 33. f4 g5 34. g3
gxf4 35. gxf4 Rg8+ 36. Ng3 Rdd8 37. Kf2 Rg4 38. Nh5+ Kg6 39. Ng3 Rxf4+ 40. Ke2
Rh4 41. Rg1 Kf6 0-1

[Event "Grenzturnering 2013-2014"]
[Site "Leck"]
[Date "2013.10.16"]
[Round "2"]
[White "Kristensen, Karl Martin"]
[Black "Wedel, Freddy"]
[Result "1-0"]
[WhiteElo "1684"]
[BlackElo "1038"]
[PlyCount "72"]
[EventDate "2013.??.??"]

1. c4 Nf6 2. Nc3 e5 3. e4 Bb4 4. d3 d6 5. Be3 b6 6. Be2 h6 7. h4 Qd7 8. h5 Nc6
9. a3 Bxc3+ 10. bxc3 Bb7 11. Nh3 O-O-O 12. f4 Rhe8 13. g4 Nh7 14. g5 f5 15.
gxf6 Nxf6 16. Rg1 Qxh3 17. Bg4+ Nxg4 18. Qxg4+ Qxg4 19. Rxg4 Rg8 20. f5 Rdf8
21. Ke2 Ne7 22. Rag1 Rf7 23. Bxh6 gxh6 24. Rxg8+ Nxg8 25. Rxg8+ Kd7 26. Rg6 Rh7
27. Ke3 c6 28. f6 Ke6 29. d4 a5 30. f7+ Kxf7 31. Rxd6 Bc8 32. Kf3 c5 33. dxe5
Ba6 34. Rxb6 Bxc4 35. Rc6 Kg7 36. Rxc5 Rh8 1-0

[Event "Grenzturnering 2013-2014"]
[Site "Leck"]
[Date "2013.10.15"]
[Round "2"]
[White "Maas, Ralf"]
[Black "Millgramm, Stephan"]
[Result "0-1"]
[WhiteElo "1214"]
[BlackElo "1853"]
[PlyCount "32"]
[EventDate "2013.??.??"]

1. e4 e6 2. d4 d5 3. Nc3 Bb4 4. exd5 exd5 5. Bd2 Nc6 6. Nf3 Bg4 7. Bd3 Nxd4 8.
Nb5 Bxd2+ 9. Qxd2 Nxb5 10. Bxb5+ c6 11. Be2 Nf6 12. Ne5 Bxe2 13. Qxe2 O-O 14.
O-O Re8 15. Rfe1 Qc7 16. h3 Nd7 0-1

[Event "Grenzturnering 2013-2014"]
[Site "Leck"]
[Date "2013.10.10"]
[Round "2"]
[White "Schmidt, Holger"]
[Black "Jensen, Jens Peter"]
[Result "1-0"]
[WhiteElo "1360"]
[BlackElo "1317"]
[PlyCount "133"]
[EventDate "2013.??.??"]

1. d4 d5 2. Bf4 e6 3. e3 Bd6 4. Qf3 Nf6 5. Bd3 h6 6. Nd2 a6 7. c3 O-O 8. e4
Bxf4 9. Qxf4 dxe4 10. Nxe4 Nxe4 11. Bxe4 Nd7 12. Nf3 Nf6 13. O-O Nxe4 14. Qxe4
f6 15. Rfe1 f5 16. Qe2 Bd7 17. Ne5 b5 18. Nxd7 Qxd7 19. Qxe6+ Qf7 20. a3 Kh7
21. Qxf7 Rxf7 22. Re5 Rc8 23. Rae1 c6 24. f4 a5 25. Rc5 Rf6 26. Ree5 Kg6 27. d5
Rd6 28. dxc6 Rcxc6 29. Rxb5 Rd1+ 30. Kf2 Rcd6 31. Re2 Ra6 32. Rbe5 Rdd6 33. Rb5
Kf6 34. b4 axb4 35. axb4 Ra3 36. Rc5 Rd3 37. Rc6+ Kf7 38. Rc2 Rb3 39. Rc5 Kg6
40. b5 Rb1 41. Rc6+ Kh5 42. c4 Rdd1 43. b6 g5 44. fxg5 Rf1+ 45. Ke2 hxg5 46.
Kd3 Kg4 47. c5 f4 48. Rc7 Rb4 49. Re7 Rfb1 50. Ree2 R1b3+ 51. Rc3 Rb1 52. Rec2
f3 53. gxf3+ Kxf3 54. Kd2+ Kf2 55. c6 Rxb6 56. c7 Rd6+ 57. Rd3 Rxd3+ 58. Kxd3+
Kg1 59. c8=Q Rb3+ 60. Kd2 Kxh2 61. Qc7+ Kh3 62. Rc3+ Rxc3 63. Qxc3+ Kh4 64. Ke2
g4 65. Kf2 Kg5 66. Kg3 Kf5 67. Qd4 1-0

[Event "Grenzturnering 2013-2014"]
[Site "Leck"]
[Date "2013.10.15"]
[Round "2"]
[White "Sorensen, Helge"]
[Black "Andersen, Helge"]
[Result "0-1"]
[WhiteElo "1627"]
[BlackElo "1980"]
[PlyCount "44"]
[EventDate "2013.??.??"]

1. e4 c5 2. Nf3 Nc6 3. d4 cxd4 4. Nxd4 e5 5. Nb5 a6 6. Nd6+ Bxd6 7. Qxd6 Qf6 8.
Qc5 Nge7 9. Nc3 Nd4 10. Bd3 d6 11. Qb6 Qg6 12. Be3 Nec6 13. O-O-O O-O 14. Nd5
Be6 15. h4 f5 16. exf5 Bxf5 17. Bxf5 Qxf5 18. Bxd4 exd4 19. Qb3 Kh8 20. Nb6
Rae8 21. Nc4 b5 22. Nxd6 Qf4+ 0-1

[Event "Grenzturnering 2013-2014"]
[Site "Leck"]
[Date "2013.10.15"]
[Round "2"]
[White "Svendsen, Gunnar"]
[Black "Lauritzen, Vagn"]
[Result "1-0"]
[WhiteElo "1516"]
[BlackElo "1566"]
[PlyCount "29"]
[EventDate "2013.??.??"]

1. c4 Nf6 2. g3 g6 3. Bg2 Bg7 4. Nc3 c6 5. e3 d6 6. Nge2 Bg4 7. d4 O-O 8. O-O
d5 9. b3 Re8 10. f3 Be6 11. c5 b6 12. b4 b5 13. a4 Na6 14. axb5 cxb5 15. Rxa6
1-0

[Event "Grenzturnering 2013-2014"]
[Site "Tonder"]
[Date "2014.03.??"]
[Round "3"]
[White "Andersen, Helge"]
[Black "Heinemann, Guido"]
[Result "1/2-1/2"]
[WhiteElo "1980"]
[BlackElo "1848"]
[PlyCount "39"]
[EventDate "2013.??.??"]

1. d4 e6 2. Nf3 b6 3. e4 Bb7 4. Bd3 Nf6 5. Bg5 Be7 6. Nbd2 h6 7. Bxf6 Bxf6 8.
c3 d6 9. Qe2 Nd7 10. Rd1 O-O 11. e5 dxe5 12. dxe5 Be7 13. Nb3 Qc8 14. O-O Bxf3
15. gxf3 c5 16. Bb1 Rd8 17. Rfe1 Qc7 18. Nd2 Nf8 19. f4 Rd7 20. Ne4 1/2-1/2

[Event "Grenzturnering 2013-2014"]
[Site "Tonder"]
[Date "2013.11.25"]
[Round "3"]
[White "Eis, Harald"]
[Black "Schmidt, Holger"]
[Result "1/2-1/2"]
[WhiteElo "1770"]
[BlackElo "1360"]
[PlyCount "63"]
[EventDate "2013.??.??"]

1. e4 e5 2. Nf3 d6 3. Nc3 Nf6 4. Bc4 Be7 5. O-O O-O 6. d3 Nc6 7. h3 Bd7 8. a3
Qc8 9. Be3 a6 10. b4 Be6 11. Nd5 Bd8 12. Bg5 Bxd5 13. Bxd5 Nxd5 14. exd5 Ne7
15. c4 Ng6 16. Bxd8 Qxd8 17. g3 b6 18. Re1 f6 19. Ra2 Qd7 20. Kg2 Rfe8 21. Rae2
Re7 22. Qc2 Rae8 23. Nd2 Nf8 24. a4 h6 25. b5 a5 26. Nf3 Nh7 27. d4 Ng5 28.
Nxg5 hxg5 29. dxe5 Rxe5 30. Rxe5 Rxe5 31. Rxe5 dxe5 32. g4 1/2-1/2

[Event "Grenzturnering 2013-2014"]
[Site "Tonder"]
[Date "2013.11.02"]
[Round "3"]
[White "Falsig, Niels"]
[Black "Palm, Eivind"]
[Result "1-0"]
[WhiteElo "1954"]
[BlackElo "1918"]
[PlyCount "67"]
[EventDate "2013.??.??"]

1. d4 e6 2. c4 f5 3. g3 Nf6 4. Bg2 Bb4+ 5. Bd2 a5 6. a3 Bxd2+ 7. Nxd2 O-O 8. e4
fxe4 9. Nxe4 d6 10. Ne2 Nbd7 11. N4c3 e5 12. O-O exd4 13. Qxd4 Nc5 14. Qd1 a4
15. Qc2 Be6 16. Nd5 Nxd5 17. cxd5 Bf5 18. Qc3 Qf6 19. f3 Rae8 20. Nd4 Re7 21.
Rfe1 Bd7 22. Rxe7 Qxe7 23. Re1 Qf6 24. f4 Re8 25. Rxe8+ Bxe8 26. f5 Bf7 27. Ne6
Qxc3 28. bxc3 Bxe6 29. fxe6 Kf8 30. Kf1 Ke7 31. Ke2 b5 32. Ke3 Nb7 33. Bf1 c6
34. dxc6 1-0

[Event "Grenzturnering 2013-2014"]
[Site "Tonder"]
[Date "2013.11.25"]
[Round "3"]
[White "Jensen, Scot Wolfgang"]
[Black "Knott, Richard"]
[Result "0-1"]
[WhiteElo "1439"]
[BlackElo "1791"]
[PlyCount "88"]
[EventDate "2013.??.??"]

1. e4 e6 2. Nc3 d5 3. exd5 exd5 4. Nf3 c6 5. h3 Bd6 6. d4 Ne7 7. Bd3 O-O 8.
Bxh7+ Kxh7 9. Ng5+ Kg8 10. Qh5 Bf5 11. Be3 Bxc2 12. f3 Nd7 13. Nce4 Bxe4 14.
fxe4 Nf6 15. Qh4 dxe4 16. O-O Ng6 17. Qe1 Qc7 18. Qe2 Rae8 19. Rf5 Nf4 20. Qd2
N4d5 21. Raf1 Qe7 22. h4 Bg3 23. Nh3 Nxe3 24. Qxe3 Qd6 25. h5 Ng4 26. Qg5 Nh6
27. Rf6 Qxd4+ 28. Kh1 Qe5 29. R6f5 Nxf5 30. Rxf5 Bh4 31. Qg4 Qg3 32. Qxg3 Bxg3
33. Rg5 Bc7 34. h6 g6 35. Ng1 Bf4 36. Ra5 a6 37. g4 Bxh6 38. Ne2 Bg7 39. b3 Re5
40. Ra4 Rfe8 41. Rc4 Rg5 42. Kg2 Rxg4+ 43. Kh3 f5 44. Rc1 Kf7 0-1

[Event "Grenzturnering 2013-2014"]
[Site "Tonder"]
[Date "2013.11.25"]
[Round "3"]
[White "Karstensen, Christian"]
[Black "Homuth, Kim"]
[Result "0-1"]
[WhiteElo "1973"]
[BlackElo "2050"]
[PlyCount "78"]
[EventDate "2013.??.??"]

1. e4 c5 2. d4 cxd4 3. c3 g6 4. cxd4 d5 5. e5 Bg7 6. Bd3 Nc6 7. Ne2 Nh6 8. Nbc3
Bf5 9. O-O Bxd3 10. Qxd3 e6 11. Nb5 O-O 12. Rd1 a6 13. Nd6 Qd7 14. Qh3 Nf5 15.
Nxf5 exf5 16. Bh6 Nd8 17. Bxg7 Kxg7 18. Rd3 Qb5 19. Nf4 Ne6 20. Nh5+ gxh5 21.
Qxf5 Rg8 22. Rf3 Qd7 23. Rc1 Rad8 24. Rcc3 Nxd4 25. Qf6+ Kf8 26. Qh6+ Ke8 27.
Qxh7 Nxf3+ 28. Rxf3 Rg6 29. e6 Qxe6 30. Re3 d4 31. Rxe6+ Rxe6 32. Qg8+ Ke7 33.
Qg5+ Kd7 34. f4 d3 35. f5 Re2 36. Kf1 Kc8 37. h4 Rc2 38. f6 d2 39. Qf5+ Kb8 0-1

[Event "Grenzturnering 2013-2014"]
[Site "Tonder"]
[Date "2013.11.25"]
[Round "3"]
[White "Lauritzen, Vagn"]
[Black "Kristensen, Karl Martin"]
[Result "1-0"]
[WhiteElo "1566"]
[BlackElo "1684"]
[PlyCount "55"]
[EventDate "2013.??.??"]

1. e4 e5 2. Nf3 d6 3. d4 exd4 4. Nxd4 g6 5. Bc4 Bg7 6. O-O Ne7 7. Bg5 h6 8. Bh4
a6 9. c3 Bd7 10. Qb3 O-O 11. Qxb7 Nbc6 12. Nxc6 Bxc6 13. Qxc6 g5 14. Bxg5 hxg5
15. Qa4 c6 16. Qc2 Qa5 17. Nd2 g4 18. Qd3 d5 19. Bb3 Rad8 20. Qg3 dxe4 21. Nxe4
Qf5 22. f3 gxf3 23. Qxf3 Qxf3 24. Rxf3 Be5 25. Raf1 Nd5 26. Ng5 Kg7 27. Nxf7
Bc7 28. Nxd8 1-0

[Event "Grenzturnering 2013-2014"]
[Site "Tonder"]
[Date "2013.11.25"]
[Round "3"]
[White "Millgramm, Stephan"]
[Black "Svendsen, Gunnar"]
[Result "1-0"]
[WhiteElo "1853"]
[BlackElo "1516"]
[PlyCount "109"]
[EventDate "2013.??.??"]

1. f4 d5 2. Nf3 Nf6 3. e3 e6 4. b3 c5 5. Bb2 Be7 6. d3 Nc6 7. Ne5 Qc7 8. Nd2
O-O 9. Ndf3 Nd7 10. Nxd7 Bxd7 11. g3 f6 12. Bh3 b5 13. O-O a5 14. Qe2 a4 15. e4
d4 16. e5 f5 17. Bg2 Ra7 18. h3 Rfa8 19. c3 a3 20. Bc1 dxc3 21. Be3 b4 22. d4
Ra5 23. Rfd1 cxd4 24. Nxd4 Nxd4 25. Rxd4 Rd8 26. Rc4 Qb8 27. Qf2 Rc8 28. Bf1
Bc6 29. Rd1 Bd5 30. Rxc8+ Qxc8 31. Bd3 Bc5 32. Kf1 Bxe3 33. Qxe3 Rc5 34. Bc2
Qc6 35. Qd4 Qb6 36. g4 g6 37. gxf5 gxf5 38. Qg1+ Kh8 39. Ke1 Qc7 40. Rd3 Rc6
41. Rg3 Qf7 42. Qd4 Qe7 43. Kd1 Qc5 44. Rd3 Qb6 45. Qxb6 Rxb6 46. Rd4 Rb5 47.
Bd3 Bf3+ 48. Kc2 Be4 49. Rxe4 fxe4 50. Bxb5 Kg7 51. Bc6 e3 52. Kd3 Kf7 53. Kxe3
Ke7 54. Be4 h6 55. Kd4 1-0

[Event "Grenzturnering 2013-2014"]
[Site "Logumkloster"]
[Date "2014.01.28"]
[Round "4"]
[White "Falsig, Niels"]
[Black "Homuth, Kim"]
[Result "0-1"]
[WhiteElo "1954"]
[BlackElo "2050"]
[PlyCount "88"]
[EventDate "2013.??.??"]

1. d4 Nf6 2. Nf3 e6 3. c4 c5 4. d5 b5 5. b3 exd5 6. cxd5 Bb7 7. e3 Nxd5 8. Bb2
a6 9. Be2 Be7 10. O-O Bf6 11. Qd2 O-O 12. a4 b4 13. Qc2 Qe7 14. Nbd2 Bxb2 15.
Qxb2 Nc3 16. Bd3 d5 17. Rfe1 Qf6 18. Qc2 g6 19. Rac1 Nd7 20. e4 Rfe8 21. exd5
Bxd5 22. Be4 Nxe4 23. Nxe4 Qf5 24. Nfd2 Re5 25. f3 Rae8 26. Re2 Qe6 27. Rce1 f5
28. Ng3 Qd6 29. Nc4 Bxc4 30. Qxc4+ Kg7 31. Kf1 Rxe2 32. Rxe2 Qd1+ 33. Kf2 Ne5
34. Rxe5 Rxe5 35. Ne2 Qd6 36. a5 Qe6 37. Qd3 c4 38. bxc4 Rxa5 39. Nf4 Ra2+ 40.
Kg3 Qe7 41. c5 Qg5+ 42. Kh3 Qxf4 43. Qd7+ Kh6 44. Qd8 Qg5 0-1

[Event "Grenzturnering 2013-2014"]
[Site "Logumkloster"]
[Date "2014.01.28"]
[Round "4"]
[White "Karstensen, Christian"]
[Black "Heinemann, Guido"]
[Result "0-1"]
[WhiteElo "1973"]
[BlackElo "1848"]
[PlyCount "82"]
[EventDate "2013.??.??"]

1. e4 e5 2. Nf3 Nc6 3. Bc4 Nf6 4. d3 Be7 5. O-O d6 6. c3 O-O 7. Bb3 Bg4 8. Nbd2
Be6 9. Bc2 d5 10. Re1 dxe4 11. dxe4 Bc5 12. h3 Qc8 13. Nf1 h6 14. b4 Bb6 15. a4
a6 16. Be3 Bc4 17. Bxb6 cxb6 18. Ne3 Rd8 19. Qc1 Bd3 20. Bxd3 Rxd3 21. Nf5 Qe6
22. Re3 Rad8 23. N3d4 Nxd4 24. cxd4 Rxe3 25. Qxe3 exd4 26. Qg3 Ne8 27. Rd1 Kh7
28. Qd3 g6 29. Nxd4 Qe5 30. Qe3 Nf6 31. f3 Nd5 32. Qb3 Nf4 33. Qxf7+ Kh8 34.
Rd2 Rxd4 35. Qf8+ Kh7 36. Qf7+ Kh8 37. Rc2 Rd1+ 38. Kf2 Qd4+ 39. Kg3 Nh5+ 40.
Kh4 Qd8+ 41. Kg4 Qg5# 0-1

[Event "Grenzturnering 2013-2014"]
[Site "Logumkloster"]
[Date "2014.01.28"]
[Round "4"]
[White "Knott, Richard"]
[Black "Andersen, Helge"]
[Result "0-1"]
[WhiteElo "1791"]
[BlackElo "1980"]
[PlyCount "76"]
[EventDate "2013.??.??"]

1. d4 Nf6 2. Nf3 g6 3. Bf4 Bg7 4. e3 O-O 5. Be2 d6 6. O-O Nbd7 7. h3 c5 8. c3
a6 9. a4 Rb8 10. Nbd2 b5 11. axb5 axb5 12. Bh2 Qb6 13. b4 c4 14. Ra5 Bb7 15.
Qc2 Ra8 16. Rfa1 Nd5 17. Ne1 e5 18. Bf3 f5 19. dxe5 Nxe5 20. Bxe5 dxe5 21. e4
Nf4 22. exf5 Rae8 23. Bxb7 Qxb7 24. Qe4 Qd7 25. Ra7 Qxd2 26. Qb7 Nh5 27. g4
gxf5 28. Nf3 Qxc3 29. R1a3 Qc1+ 30. Kh2 Qf4+ 31. Kg2 fxg4 32. hxg4 Qxg4+ 33.
Kf1 e4 34. Qd5+ Kh8 35. Ng5 e3 36. Nf7+ Rxf7 37. Rxe3 Ng3+ 38. Rxg3 Qe2+ 0-1

[Event "Grenzturnering 2013-2014"]
[Site "Logumkloster"]
[Date "2014.01.28"]
[Round "4"]
[White "Kristensen, Karl Martin"]
[Black "Eis, Harald"]
[Result "0-1"]
[WhiteElo "1684"]
[BlackElo "1770"]
[PlyCount "68"]
[EventDate "2013.??.??"]

1. c4 b6 2. d4 Bb7 3. Nc3 g6 4. e4 Bg7 5. Be3 d6 6. f4 Nf6 7. Bd3 Nc6 8. a3 e5
9. fxe5 dxe5 10. d5 Ne7 11. Nf3 Nd7 12. Bc2 Nc8 13. O-O O-O 14. b4 Ba6 15. Bd3
Nf6 16. Rc1 Ng4 17. Bg5 f6 18. Bh4 Ne3 19. Qd2 Nxf1 20. Rxf1 Qe8 21. a4 Nd6 22.
Qe2 f5 23. b5 Bc8 24. Bf2 a6 25. c5 fxe4 26. Nxe4 Nxe4 27. Bxe4 Bf5 28. cxb6
cxb6 29. Bxb6 axb5 30. axb5 Bxe4 31. Qxe4 Rb8 32. Bc5 Rf4 33. Qc2 Qxb5 34. d6
Rc4 0-1